| 000 | 00892nam a2200265 i 4500 | ||
|---|---|---|---|
| 001 | bg | ||
| 100 | 1 | _aSTAWIŃSKA, Krystyna | |
| 245 | 1 | 0 |
_aRepetytorium z gramatyki języka francuskiego : _bczyli to, co najtrudniejsze dla Polaków / _cKrystyna Stawińska. |
| 250 | _aWyd. 6. | ||
| 260 |
_aWarszawa : _bPaństwowe Wydawnictwo "Wiedza Powszechna", _c2006. |
||
| 300 |
_a404, [1] s. ; _c21 cm. |
||
| 650 | 9 | _aJęzyk francuski | |
| 655 | _aPodręczniki dla gimnazjów | ||
| 655 | _aPodręczniki dla szkół ponadgimnazjalnych | ||
| 020 | _a8321412041 | ||
| 020 | _a9788321412047 | ||
| 040 | _cBPK | ||
| 041 | 0 |
_apol _bfre |
|
| 080 | _a811.133.1'36(075.3.053.6/.7) | ||
| 920 | _a83-214-1204-1 | ||
| 920 | _a978-83-214-1204-7 | ||
| 942 | _cKS | ||
| 008 | s pl f |000 0 pol | ||
| 999 |
_c52476 _d52476 |
||